All Lord of the Rings Movie Characters by Picture - Statistics

General Stats
  • This quiz has been taken 67 times
    17 since last reset
  • The average score is 33 of 38
Answer Stats
Picture Answer % Correct
Aragorn
100%
Arwen
100%
Bilbo Baggins
100%
Boromir
100%
Durin's Bane
100%
Elrond
100%
Éowyn
100%
Faramir
100%
Frodo Baggins
100%
Galadriel
100%
Gandalf
100%
Gimli
100%
Gollum
100%
Legolas Greenleaf
100%
Merry
100%
Pippin
100%
Samwise Gamgee
100%
Saruman
100%
Sauron
100%
The Witch King
100%
Treebeard
100%
Grima Wormtongue
93%
Rosie Cotton
93%
Théoden
93%
Denethor
86%
Éomer
86%
Isildur
86%
Shelob
86%
Celeborn
79%
Deagol
79%
Haldir
79%
Hama
71%
King of the Dead
64%
Mouth of Sauron
64%
Gothmog
57%
Gamling
50%
Lurtz
50%
Madril
14%
No matching quizzes found
Score Distribution
Percent of People with Each Score
Percentile by Number Answered
Your Score History
You have not taken this quiz since the last reset